[Event "ODJM B 2015"]
[Site "Willingen GER"]
[Date "2015.05.24"]
[Round "1"]
[White "Fromm, Marius"]
[Black "Winkin, Jos"]
[Result "1/2-1/2"]
[Termination "normal"]
[Board "25"]
[WhiteElo "1328"]
[BlackElo "913"]
[PlyCount "92"]
[WhiteFideId "12993190"]
[BlackFideId "4004795"]
[EventCountry "GER"]
[EventRounds "9"]
[EventType "swiss"]
[EventDate "2015.05.23"]

1. e4 e5 2. Nf3 Nc6 3. Bc4 Bc5 4. c3 Nf6 5. d3 O-O 6. Bg5 h6 7. Bh4 d6 8. Nbd2
Bg4 9. a4 a5 10. O-O Re8 11. Nb3 b6 12. Nxc5 bxc5 13. Qb3 Rf8 14. Nd2 Rb8 15.
Qc2 d5 16. exd5 Ne7 17. Bxf6 gxf6 18. Ne4 Kg7 19. Nxc5 Nxd5 20. Bxd5 Qxd5 21.
Ne4 Qb3 22. Qxb3 Rxb3 23. f3 Bf5 24. Rf2 Rd8 25. Rd1 Bxe4 26. fxe4 c5 27. g4 c4
28. d4 exd4 29. Rxd4 Rxd4 30. cxd4 Rb4 31. Rf5 Rxa4 32. Rc5 Rb4 33. Rxa5 Rxb2
34. Rc5 Re2 35. Rxc4 Rxe4 36. h3 Kg6 37. Kg2 f5 38. Rc6+ Kg5 39. Rc5 Rxd4 40.
Rxf5+ Kg6 41. Kg3 f6 42. h4 Rd3+ 43. Rf3 Rxf3+ 44. Kxf3 f5 45. Kf4 fxg4 46.
Kxg4 Kf6 1/2-1/2

[Event "ODJM B 2015"]
[Site "Willingen GER"]
[Date "2015.05.24"]
[Round "1"]
[White "Lohrmann, Linus"]
[Black "Fromm, Johannes"]
[Result "0-1"]
[Termination "normal"]
[Board "26"]
[WhiteElo "911"]
[BlackElo "1454"]
[PlyCount "66"]
[WhiteFideId "12982857"]
[BlackFideId "12993204"]
[EventCountry "GER"]
[EventRounds "9"]
[EventType "swiss"]
[EventDate "2015.05.23"]

1. e4 d6 2. Nf3 Nf6 3. Bd3 g6 4. h3 Bg7 5. O-O O-O 6. Nc3 Nc6 7. Bc4 a6 8. a4
Be6 9. Bxe6 fxe6 10. Ng5 Qd7 11. d3 e5 12. Be3 Nd8 13. a5 Nf7 14. Nxf7 Rxf7 15.
Na4 Raf8 16. c4 Nh5 17. Qg4 e6 18. Qh4 Nf4 19. Bxf4 exf4 20. c5 f3 21. g3 Bd4
22. g4 dxc5 23. e5 Rf4 24. Rad1 Qg7 25. Rfe1 h5 26. Re4 hxg4 27. Rxf4 Rxf4 28.
hxg4 Qxe5 29. Qg3 Qg5 30. Kh1 Rxg4 31. Rg1 Rh4+ 32. Qh2 Rxh2+ 33. Kxh2 Qh4# 0-1

[Event "ODJM B 2015"]
[Site "Willingen GER"]
[Date "2015.05.24"]
[Round "1"]
[White "Pahl, Theis"]
[Black "Schott, Jan"]
[Result "1-0"]
[Termination "normal"]
[Board "27"]
[WhiteElo "1570"]
[BlackElo "907"]
[PlyCount "57"]
[WhiteFideId "16201264"]
[EventCountry "GER"]
[EventRounds "9"]
[EventType "swiss"]
[EventDate "2015.05.23"]

1. e4 e5 2. Nc3 Bc5 3. f4 d6 4. Nf3 Bg4 5. h3 Bxf3 6. Qxf3 Nf6 7. Na4 Nc6 8.
Bb5 Bb6 9. Nxb6 cxb6 10. d3 O-O 11. Bxc6 bxc6 12. O-O Re8 13. fxe5 Rxe5 14. Qg3
Nh5 15. Qf3 Nf6 16. g4 d5 17. Qf4 Re8 18. e5 Nd7 19. Qxf7+ Kh8 20. d4 Rf8 21.
Qh5 Rxf1+ 22. Kxf1 Qf8+ 23. Kg2 Qe8 24. Qxe8+ Rxe8 25. Be3 c5 26. c3 cxd4 27.
cxd4 h6 28. Rc1 g5 29. Rc7 1-0

[Event "ODJM B 2015"]
[Site "Willingen GER"]
[Date "2015.05.24"]
[Round "1"]
[White "Jacoby, Angelina"]
[Black "Nimptsch, Nikolas"]
[Result "0-1"]
[Termination "normal"]
[Board "28"]
[WhiteElo "886"]
[BlackElo "1302"]
[PlyCount "68"]
[WhiteFideId "12999008"]
[BlackFideId "16245334"]
[EventCountry "GER"]
[EventRounds "9"]
[EventType "swiss"]
[EventDate "2015.05.23"]

1. e4 e6 2. Bc4 d5 3. exd5 exd5 4. Be2 Bd6 5. Nc3 Nf6 6. d4 O-O 7. Bg5 h6 8.
Bh4 Bf5 9. Nxd5 Nbd7 10. Qd2 Re8 11. O-O-O Be4 12. Nc3 Bxg2 13. Bf3 Bxh1 14.
Bxh1 c6 15. Nge2 Bxh2 16. Qd3 Qc7 17. Bg3 Bxg3 18. fxg3 Ng4 19. Rg1 a5 20. Bf3
Ne3 21. Rh1 Nf6 22. Rh4 Qd7 23. Na4 Qf5 24. Qxf5 Nxf5 25. Rf4 Ne3 26. Nb6 Ra6
27. Na4 Ned5 28. Rf5 g6 29. Re5 Rxe5 30. dxe5 Nd7 31. c4 N5b6 32. Nxb6 Rxb6 33.
Nc3 Nxe5 34. Na4 Rb4 0-1

[Event "ODJM B 2015"]
[Site "Willingen GER"]
[Date "2015.05.24"]
[Round "1"]
[White "Wachinger, Nikolas"]
[Black "Reyher, Bastian"]
[Result "1-0"]
[Termination "normal"]
[Board "29"]
[WhiteElo "1299"]
[BlackElo "1084"]
[PlyCount "69"]
[WhiteFideId "12962791"]
[BlackFideId "12927465"]
[EventCountry "GER"]
[EventRounds "9"]
[EventType "swiss"]
[EventDate "2015.05.23"]

1. e4 e5 2. Nf3 Nc6 3. Bb5 Nf6 4. O-O Bc5 5. c3 O-O 6. Re1 d6 7. d4 a6 8. Bxc6
bxc6 9. dxc5 d5 10. exd5 cxd5 11. Nxe5 Bb7 12. c6 Bc8 13. Bg5 h6 14. Bxf6 Qxf6
15. Qxd5 Re8 16. Nf3 Be6 17. Qd4 Qg6 18. Nbd2 Bh3 19. Nh4 Qxc6 20. gxh3 Re6 21.
Rxe6 Qxe6 22. Qe3 Qf6 23. Nhf3 Kf8 24. Qc5+ Kg8 25. Qxc7 Qg6+ 26. Qg3 Qc6 27.
Nd4 Qe8 28. Nf5 g6 29. Nxh6+ Kg7 30. Nf5+ Kg8 31. Qg4 Rd8 32. Ne4 Qe5 33. Qh4
Re8 34. Nf6+ Kf8 35. Qh8# 1-0

[Event "ODJM B 2015"]
[Site "Willingen GER"]
[Date "2015.05.24"]
[Round "1"]
[White "Reichel, Sara"]
[Black "Kalina, Joshua"]
[Result "0-1"]
[Termination "normal"]
[Board "30"]
[WhiteElo "866"]
[BlackElo "1298"]
[PlyCount "54"]
[WhiteFideId "16245130"]
[EventCountry "GER"]
[EventRounds "9"]
[EventType "swiss"]
[EventDate "2015.05.23"]

1. d4 Nf6 2. e3 d5 3. f4 Bf5 4. Nf3 e6 5. Be2 Bd6 6. O-O O-O 7. Ne5 Nbd7 8. g4
Be4 9. Nd2 c5 10. c3 a6 11. Nxe4 Nxe4 12. Bf3 Nef6 13. g5 Ne8 14. e4 Nc7 15. f5
Nxe5 16. dxe5 Bxe5 17. fxe6 fxe6 18. Qe1 d4 19. c4 b5 20. b3 Qd6 21. Qh4 g6 22.
Bd2 Rf7 23. Rf2 Raf8 24. Raf1 Bf4 25. Ba5 Be3 26. Be1 Bxf2+ 27. Qxf2 Rxf3 0-1

[Event "ODJM B 2015"]
[Site "Willingen GER"]
[Date "2015.05.24"]
[Round "1"]
[White "Kotyk, Michael"]
[Black "Grey, Anna"]
[Result "1-0"]
[Termination "normal"]
[Board "31"]
[WhiteElo "1296"]
[BlackElo "853"]
[PlyCount "67"]
[WhiteFideId "16214501"]
[BlackFideId "16226917"]
[EventCountry "GER"]
[EventRounds "9"]
[EventType "swiss"]
[EventDate "2015.05.23"]

1. e4 e5 2. Nc3 c5 3. Nf3 Nc6 4. Bb5 Nge7 5. O-O a6 6. Be2 g6 7. b3 Bg7 8. Bb2
O-O 9. Na4 d6 10. c4 Be6 11. Nc3 Qd7 12. Ne1 f5 13. d3 Rf7 14. Nc2 Raf8 15.
exf5 Bxf5 16. Ne3 Be6 17. Bf3 Kh8 18. Ncd5 Qd8 19. Qd2 Kg8 20. a3 Bxd5 21. Nxd5
Nb8 22. Nxe7+ Rxe7 23. Bd5+ Kh8 24. b4 Nd7 25. Bxb7 Qb6 26. Bd5 Qc7 27. b5 axb5
28. cxb5 Nb6 29. Bc4 Nxc4 30. dxc4 Rd8 31. Qd5 Qb6 32. a4 Ra8 33. Qxa8+ Bf8 34.
Qxf8# 1-0

[Event "ODJM B 2015"]
[Site "Willingen GER"]
[Date "2015.05.24"]
[Round "1"]
[White "Brunner, Alexander"]
[Black "Borgmann, Simon"]
[Result "0-1"]
[Termination "normal"]
[Board "32"]
[WhiteElo "840"]
[BlackElo "1289"]
[PlyCount "50"]
[WhiteFideId "12965278"]
[BlackFideId "16234677"]
[EventCountry "GER"]
[EventRounds "9"]
[EventType "swiss"]
[EventDate "2015.05.23"]

1. e4 e5 2. Nf3 Nc6 3. Nc3 Nf6 4. Bb5 d6 5. O-O Bd7 6. d3 a6 7. Bxc6 Bxc6 8.
Bg5 Be7 9. Re1 O-O 10. Qe2 b5 11. b4 Nd7 12. Bxe7 Qxe7 13. Rad1 Bb7 14. Nd5
Bxd5 15. exd5 Nb6 16. d4 Nxd5 17. dxe5 Nc3 18. Qe3 Nxd1 19. Rxd1 dxe5 20. Ng5
f6 21. Ne4 Qxb4 22. Nc5 Rad8 23. Rxd8 Qb1+ 24. Rd1 Qxd1+ 25. Qe1 Qxe1# 0-1

[Event "ODJM B 2015"]
[Site "Willingen GER"]
[Date "2015.05.24"]
[Round "1"]
[White "Schulze, Lukas"]
[Black "Semukhin, Sophia"]
[Result "1-0"]
[Termination "normal"]
[Board "33"]
[WhiteElo "1252"]
[BlackElo "798"]
[PlyCount "83"]
[WhiteFideId "12956856"]
[EventCountry "GER"]
[EventRounds "9"]
[EventType "swiss"]
[EventDate "2015.05.23"]

1. Nf3 d5 2. c4 dxc4 3. Qa4+ Bd7 4. Qxc4 Nf6 5. d4 Be6 6. Qb5+ Nc6 7. Qxb7 Bd7
8. Bf4 Qb8 9. Qxb8+ Nxb8 10. Bxc7 Bf5 11. g3 Bxb1 12. Rxb1 Nc6 13. Bg2 e6 14.
Ne5 Nxd4 15. Bxa8 Bb4+ 16. Kf1 O-O 17. Nc6 g6 18. Nxb4 Ne4 19. Bxe4 f5 20. Bf3
Nb5 21. Ba5 h5 22. Nc6 g5 23. Bb4 Re8 24. Bxh5 Ra8 25. Ne7+ Kf8 26. Nxf5+ Kg8
27. Bf3 exf5 28. Bxa8 f4 29. gxf4 gxf4 30. Rg1+ Kf7 31. Bd5+ Kf6 32. Rc1 Nd4
33. Bc3 Ke5 34. Rg5+ Kf6 35. h4 f3 36. Bxd4+ Ke7 37. h5 fxe2+ 38. Kxe2 a5 39.
Rc6 Kd7 40. Rg7+ Kd8 41. Bf6+ Ke8 42. Rc8# 1-0

[Event "ODJM B 2015"]
[Site "Willingen GER"]
[Date "2015.05.24"]
[Round "1"]
[White "Bakalarz, Adrian"]
[Black "Rapp, Lukas"]
[Result "0-1"]
[Termination "normal"]
[Board "34"]
[WhiteElo "797"]
[BlackElo "1627"]
[PlyCount "52"]
[WhiteFideId "12955809"]
[BlackFideId "12989320"]
[EventCountry "GER"]
[EventRounds "9"]
[EventType "swiss"]
[EventDate "2015.05.23"]

1. e4 c5 2. Bc4 e6 3. Bb5 a6 4. Bd3 Nc6 5. Nf3 Nf6 6. Nc3 d6 7. O-O Be7 8. Be2
b5 9. d3 Bb7 10. Bf4 O-O 11. e5 Nh5 12. Qd2 Nxf4 13. Qxf4 Qc7 14. exd6 Bxd6 15.
Qh4 Be7 16. Ng5 h6 17. f4 Nd4 18. Qg3 hxg5 19. fxg5 Qxg3 20. hxg3 b4 21. Rf2
bxc3 22. bxc3 Nxc2 23. Bf3 Bxf3 24. Rc1 Bxg5 25. Rcxc2 Bd1 26. Rb2 Be3 0-1

[Event "ODJM B 2015"]
[Site "Willingen GER"]
[Date "2015.05.24"]
[Round "1"]
[White "Rößl, Mira"]
[Black "Knerr, Sebastian"]
[Result "0-1"]
[Termination "normal"]
[Board "36"]
[WhiteElo "721"]
[BlackElo "1259"]
[PlyCount "52"]
[BlackFideId "16266013"]
[EventCountry "GER"]
[EventRounds "9"]
[EventType "swiss"]
[EventDate "2015.05.23"]

1. e4 e5 2. Nf3 Nf6 3. Nc3 Bb4 4. Nxe5 Bxc3 5. dxc3 Qe7 6. Qd4 c5 7. Qa4 Qxe5
8. Bd3 O-O 9. O-O d5 10. exd5 Qxd5 11. Qh4 Nbd7 12. Qg3 Ne5 13. Bh6 Ng6 14.
Bxg6 fxg6 15. Bf4 Nh5 16. Qh4 Rxf4 17. Qe7 Qf7 18. Qd8+ Qf8 19. Qd5+ Rf7 20.
Rfe1 Nf4 21. Qd2 b6 22. Re4 Nxg2 23. Qg5 Bb7 24. Rg4 Rxf2 25. Rxg2 Rxg2+ 26.
Kh1 Rxg5# 0-1

[Event "ODJM B 2015"]
[Site "Willingen GER"]
[Date "2015.05.25"]
[Round "3"]
[White "Kublanov, Carolin"]
[Black "Morio, Estelle"]
[Result "0-1"]
[Termination "normal"]
[Board "1"]
[WhiteElo "1607"]
[BlackElo "1685"]
[WhiteClock "00:29:51"]
[BlackClock "00:18:08"]
[PlyCount "106"]
[WhiteFideId "12944548"]
[BlackFideId "12951951"]
[EventCountry "GER"]
[EventRounds "9"]
[EventType "swiss"]
[EventDate "2015.05.23"]

1. d4 Nf6 2. Nf3 b6 3. Bf4 Bb7 4. e3 e6 5. Nbd2 Be7 6. Bd3 O-O 7. O-O Nh5 8.
Bg3 f5 9. Ne5 Nf6 10. c3 d6 11. Nef3 Qe8 12. Qb3 Bd5 13. c4 Bb7 14. Ng5 Bd8 15.
e4 h6 16. e5 hxg5 17. exf6 Bxf6 18. d5 f4 19. Rfe1 e5 20. Bf5 Bc8 21. Bc2 fxg3
22. Qxg3 Qh5 23. Bd1 Qh6 24. Bg4 Bxg4 25. Qxg4 Be7 26. Re3 Na6 27. Rh3 Qg6 28.
Nf3 Rf4 29. Qd7 g4 30. Nh4 Qf6 31. Rg3 Qxh4 32. Qe6+ Kf8 33. h3 Qf6 34. Qd7 Rd8
35. Qb5 Nc5 36. hxg4 Rxf2 37. Qc6 Rf4 38. Qxc7 Kg8 39. Qxa7 Rxc4 40. Rf3 Rf4
41. Rg3 Ne4 42. Rh3 Rxg4 43. Rf1 Qg5 44. Qxb6 Rxg2+ 45. Kh1 Rg4 46. Qb3 Ng3+
47. Rxg3 Rxg3 48. Qxg3 Qxg3 49. a4 Bg5 50. a5 Bf4 51. Rxf4 exf4 52. a6 Kf7 53.
a7 Rh8# 0-1

[Event "ODJM B 2015"]
[Site "Willingen GER"]
[Date "2015.05.25"]
[Round "3"]
[White "Lommel, Hagen"]
[Black "Schluckner, Paul-Leopold"]
[Result "1/2-1/2"]
[Termination "normal"]
[Board "2"]
[WhiteElo "1561"]
[BlackElo "1404"]
[WhiteClock "00:35:28"]
[BlackClock "00:25:28"]
[PlyCount "43"]
[WhiteFideId "12972380"]
[BlackFideId "12952168"]
[EventCountry "GER"]
[EventRounds "9"]
[EventType "swiss"]
[EventDate "2015.05.23"]

1. e4 e5 2. Nf3 Nc6 3. Bb5 a6 4. Bxc6 dxc6 5. Nc3 Bg4 6. h3 Bxf3 7. gxf3 Bc5 8.
d3 Nf6 9. f4 Nd7 10. Qf3 f6 11. Rg1 Qe7 12. Bd2 O-O-O 13. O-O-O Rhg8 14. Rg3 g5
15. Rdg1 Rgf8 16. f5 Nb6 17. Be3 Bb4 18. Ne2 Bc5 19. Bxc5 Qxc5 20. Nc3 Qd4 21.
Ne2 Qc5 22. Nc3 1/2-1/2

[Event "ODJM B 2015"]
[Site "Willingen GER"]
[Date "2015.05.25"]
[Round "3"]
[White "Grunert, Friedrich"]
[Black "Rose, Luis Stratos"]
[Result "0-1"]
[Termination "normal"]
[Board "3"]
[WhiteElo "1492"]
[BlackElo "1385"]
[WhiteClock "01:04:54"]
[BlackClock "00:12:45"]
[PlyCount "60"]
[WhiteFideId "12995592"]
[BlackFideId "12976008"]
[EventCountry "GER"]
[EventRounds "9"]
[EventType "swiss"]
[EventDate "2015.05.23"]

1. e4 g6 2. d4 d6 3. Nc3 Bg7 4. Be3 Nf6 5. Qd2 O-O 6. O-O-O c6 7. h4 b5 8. f3
Nbd7 9. Kb1 a5 10. g4 a4 11. h5 b4 12. Nce2 b3 13. a3 bxc2+ 14. Qxc2 Bb7 15.
hxg6 fxg6 16. Nc3 Qa5 17. Qh2 Rfb8 18. Ka1 Ba6 19. Bh3 Nf8 20. Nge2 Bxe2 21.
Nxe2 Rb3 22. Bd2 Qb6 23. Bc3 Qb7 24. Nf4 Rb8 25. g5 Nh5 26. Nxh5 gxh5 27. Bf1
d5 28. exd5 cxd5 29. Rb1 Rxa3+ 30. bxa3 Qxb1# 0-1

[Event "ODJM B 2015"]
[Site "Willingen GER"]
[Date "2015.05.25"]
[Round "3"]
[White "Thumm, Niklas"]
[Black "Yi, Wendy"]
[Result "1-0"]
[Termination "normal"]
[Board "4"]
[WhiteElo "1510"]
[BlackElo "1401"]
[WhiteClock "00:16:05"]
[BlackClock "00:15:03"]
[PlyCount "67"]
[WhiteFideId "12918733"]
[BlackFideId "16224850"]
[EventCountry "GER"]
[EventRounds "9"]
[EventType "swiss"]
[EventDate "2015.05.23"]

1. e4 e5 2. Nf3 Nc6 3. Bc4 Bc5 4. c3 Nf6 5. d4 exd4 6. cxd4 Bb4+ 7. Nc3 Nxe4 8.
O-O Bxc3 9. bxc3 d5 10. Bd3 O-O 11. Qc2 Re8 12. Re1 f5 13. Bf4 Be6 14. Ne5 Nxe5
15. Bxe5 Qg5 16. f3 Nd6 17. Re2 Re7 18. Rae1 Nf7 19. Bxc7 Rxc7 20. Rxe6 Nh6 21.
Qa4 Qh5 22. Qa5 Rd7 23. Qb5 Rad8 24. c4 a6 25. Qb3 Kf8 26. cxd5 Rxd5 27. Qb4+
Kf7 28. Bc4 f4 29. Bxd5 Qxd5 30. Re7+ Kf6 31. R1e4 Rd6 32. R7e5 Qc6 33. Rxf4+
Kg6 34. Qb1+ 1-0

[Event "ODJM B 2015"]
[Site "Willingen GER"]
[Date "2015.05.25"]
[Round "3"]
[White "Youness, Fatima"]
[Black "Lange, Cecilia"]
[Result "0-1"]
[Termination "normal"]
[Board "5"]
[WhiteElo "1369"]
[BlackElo "1597"]
[WhiteClock "00:01:56"]
[BlackClock "00:14:01"]
[PlyCount "119"]
[WhiteFideId "16214404"]
[BlackFideId "12976040"]
[EventCountry "GER"]
[EventRounds "9"]
[EventType "swiss"]
[EventDate "2015.05.23"]

1. e4 c6 2. d4 d5 3. exd5 cxd5 4. Bd3 Nf6 5. h3 Nc6 6. c3 e6 7. Nf3 Bd6 8. O-O
O-O 9. Re1 a6 10. Nbd2 b5 11. Ne5 Qb6 12. Ndf3 b4 13. Rb1 h6 14. Bf4 a5 15. a3
bxc3 16. bxc3 Qc7 17. Qa4 Bxe5 18. Nxe5 Nxe5 19. dxe5 Nd7 20. Re3 Ba6 21. Bxa6
Rxa6 22. Rg3 Kh8 23. Qd4 Qc5 24. Rb7 Qxd4 25. cxd4 Nb6 26. Rb3 Nc4 27. a4 Kh7
28. h4 Kg6 29. g4 h5 30. f3 Rh8 31. g5 Rc8 32. Rc3 Rcc6 33. Rcb3 Rab6 34. Kf2
Rxb3 35. Rxb3 Nb6 36. Bd2 Nxa4 37. Bxa5 Rc2+ 38. Kg3 Nb2 39. Rc3 Rxc3 40. Bxc3
Nc4 41. Kf4 f6 42. Bb4 fxe5+ 43. dxe5 Nb2 44. Bd6 Nd3+ 45. Ke3 Ne1 46. Kf2 Nc2
47. Bf8 Kf7 48. Bd6 Nd4 49. Kg3 Nf5+ 50. Kh3 g6 51. Bb4 Ke8 52. Be1 Kd7 53. Kg2
Kc6 54. f4 Kc5 55. Kf3 Kd4 56. Bg3 Nxg3 57. Kxg3 Ke4 58. Kf2 Kxf4 59. Ke2 Kxe5
60. Kd3 0-1

[Event "ODJM B 2015"]
[Site "Willingen GER"]
[Date "2015.05.25"]
[Round "3"]
[White "Fromm, Johannes"]
[Black "Kose, Robert Paul"]
[Result "1-0"]
[Termination "normal"]
[Board "7"]
[WhiteElo "1454"]
[BlackElo "1453"]
[PlyCount "49"]
[WhiteFideId "12993204"]
[BlackFideId "12982067"]
[EventCountry "GER"]
[EventRounds "9"]
[EventType "swiss"]
[EventDate "2015.05.23"]

1. b4 e5 2. Bb2 Bxb4 3. Bxe5 Nf6 4. a3 Bc5 5. d4 Bb6 6. Nf3 Nc6 7. e3 Nxe5 8.
Nxe5 c6 9. Bc4 d5 10. Bd3 Qe7 11. O-O Bc7 12. f4 Nd7 13. c4 Nxe5 14. fxe5 Qg5
15. Qf3 Be6 16. Nd2 Rf8 17. cxd5 Bxd5 18. e4 Qxd2 19. exd5 cxd5 20. Bb5+ Ke7
21. Rad1 Qa5 22. Qxd5 Rad8 23. Qc5+ Ke6 24. d5+ Kxe5 25. Qe7# 1-0

[Event "ODJM B 2015"]
[Site "Willingen GER"]
[Date "2015.05.25"]
[Round "3"]
[White "Wachinger, Nikolas"]
[Black "Wu, Erik"]
[Result "1-0"]
[Termination "normal"]
[Board "8"]
[WhiteElo "1299"]
[BlackElo "1441"]
[PlyCount "69"]
[WhiteFideId "12962791"]
[BlackFideId "12977489"]
[EventCountry "GER"]
[EventRounds "9"]
[EventType "swiss"]
[EventDate "2015.05.23"]

1. e4 c5 2. Nf3 d6 3. d4 cxd4 4. Nxd4 Nf6 5. Nc3 g6 6. Be3 Bg7 7. f3 Nc6 8. Qd2
O-O 9. g4 a6 10. O-O-O Bd7 11. h4 b5 12. Nxc6 Bxc6 13. h5 b4 14. Nd5 e6 15.
Nxb4 Bb5 16. Bxb5 axb5 17. Bh6 Qa5 18. a3 Rfd8 19. Bxg7 Kxg7 20. hxg6 fxg6 21.
Qh6+ Kf7 22. g5 Ng8 23. Qxh7+ Kf8 24. Qxg6 Qc7 25. Rh7 Rd7 26. Rh8 Rg7 27. Qxe6
Re8 28. Qf6+ Rf7 29. Qh6+ Rg7 30. Nd5 Qd7 31. Nf6 Qf7 32. Rxg8+ Qxg8 33. Nxg8
Kxg8 34. Rxd6 Rf8 35. Rg6 1-0

[Event "ODJM B 2015"]
[Site "Willingen GER"]
[Date "2015.05.25"]
[Round "3"]
[White "Arnold, Leander"]
[Black "Leib, Amina"]
[Result "1-0"]
[Termination "normal"]
[Board "9"]
[WhiteElo "1562"]
[BlackElo "1228"]
[PlyCount "83"]
[WhiteFideId "12990230"]
[BlackFideId "12982970"]
[EventCountry "GER"]
[EventRounds "9"]
[EventType "swiss"]
[EventDate "2015.05.23"]

1. e4 e5 2. Bc4 Nf6 3. d3 Bc5 4. c3 Nc6 5. Bb3 a6 6. Nf3 Ba7 7. h3 d6 8. Nbd2
Be6 9. Bc2 h6 10. Nf1 d5 11. exd5 Qxd5 12. Ng3 Ne7 13. O-O O-O 14. Re1 Ng6 15.
Be3 Bd7 16. Bb3 Qc6 17. Bxa7 Rxa7 18. Nxe5 Nxe5 19. Rxe5 Qd6 20. Re1 Rd8 21. d4
Bc6 22. Nf5 Qf4 23. Ne7+ Kh8 24. Nxc6 bxc6 25. Qc2 c5 26. d5 c6 27. g3 Qg5 28.
dxc6 Rd6 29. Rad1 Rxd1 30. Rxd1 Qe5 31. Qd2 Ne4 32. Qd8+ Kh7 33. Bc2 Re7 34.
Bxe4+ Qxe4 35. c7 Qe2 36. c8=Q Re8 37. Qf5+ g6 38. Qxf7+ Kh8 39. Qfxe8+ Qxe8
40. Qxe8+ Kg7 41. Qe7+ Kg8 42. Rd8# 1-0

[Event "ODJM B 2015"]
[Site "Willingen GER"]
[Date "2015.05.25"]
[Round "3"]
[White "Frohnhäuser, Simon"]
[Black "Wiemann, Daniel"]
[Result "1-0"]
[Termination "normal"]
[Board "10"]
[WhiteElo "1548"]
[BlackElo "1419"]
[PlyCount "67"]
[WhiteFideId "16208528"]
[BlackFideId "12942944"]
[EventCountry "GER"]
[EventRounds "9"]
[EventType "swiss"]
[EventDate "2015.05.23"]

1. e4 e6 2. d3 d5 3. Nd2 Bd7 4. Ngf3 Bc6 5. Qe2 Nd7 6. g3 dxe4 7. Nxe4 Ngf6 8.
Bg2 Be7 9. O-O Nxe4 10. dxe4 Nf6 11. Rd1 Qc8 12. Nd4 O-O 13. Nxc6 bxc6 14. e5
Nd5 15. c4 Nb4 16. a3 Na6 17. Bxc6 Rb8 18. Be3 Bc5 19. b4 Rb6 20. b5 Bxe3 21.
Qxe3 Nb8 22. c5 Nxc6 23. cxb6 Nxe5 24. Qxe5 cxb6 25. Rac1 Qa8 26. Qc7 h6 27.
Qc6 a6 28. Qxb6 axb5 29. Qxb5 Qxa3 30. Qc5 Qf3 31. Rd7 Qf6 32. Qxf8+ Kxf8 33.
Rc8+ Qd8 34. Rcxd8# 1-0

[Event "ODJM B 2015"]
[Site "Willingen GER"]
[Date "2015.05.25"]
[Round "3"]
[White "Zimmer, Luca"]
[Black "Petri, Ben-Luca"]
[Result "0-1"]
[Termination "normal"]
[Board "11"]
[WhiteElo "1496"]
[BlackElo "1481"]
[PlyCount "52"]
[WhiteFideId "12921424"]
[BlackFideId "12947261"]
[EventCountry "GER"]
[EventRounds "9"]
[EventType "swiss"]
[EventDate "2015.05.23"]

1. e4 e5 2. Nf3 Nc6 3. Bc4 Bc5 4. O-O Nf6 5. d4 Bxd4 6. Nxd4 Nxd4 7. f4 d6 8.
fxe5 dxe5 9. Bg5 Qd6 10. c3 b5 11. Bxf7+ Kxf7 12. cxd4 Kg6 13. Bxf6 gxf6 14.
dxe5 Qxe5 15. Nc3 c6 16. a3 Be6 17. Qf3 Rad8 18. Qf2 a5 19. Ne2 Bc4 20. Nf4+
Kf7 21. Rfe1 Rd4 22. Nh5 Rhd8 23. Ng3 Rd2 24. Qa7+ R8d7 25. Qxa5 Qxb2 26. Ne2
Rxe2 0-1

[Event "ODJM B 2015"]
[Site "Willingen GER"]
[Date "2015.05.25"]
[Round "3"]
[White "Blinov, Sergei"]
[Black "Ning, Felix"]
[Result "0-1"]
[Termination "normal"]
[Board "12"]
[WhiteElo "1242"]
[BlackElo "1507"]
[PlyCount "80"]
[BlackFideId "12988553"]
[EventCountry "GER"]
[EventRounds "9"]
[EventType "swiss"]
[EventDate "2015.05.23"]

1. e4 c5 2. c3 Nc6 3. d4 cxd4 4. cxd4 Qa5+ 5. Nc3 Nf6 6. Bd2 Nxd4 7. Nb5 Qb6 8.
Be3 e5 9. a3 Nxe4 10. Rc1 Qa5+ 11. b4 Bxb4+ 12. axb4 Qxb4+ 13. Bd2 Nxd2 14.
Qxd2 Qxd2+ 15. Kxd2 Nxb5 16. Bxb5 a6 17. Ba4 b5 18. Bb3 Bb7 19. f3 O-O 20. Rc7
Bc6 21. Ne2 a5 22. Nc3 a4 23. Bc2 b4 24. Ne2 b3 25. Be4 a3 26. Kc3 Rfb8 27.
Rxc6 dxc6 28. Bxc6 Rc8 29. Kxb3 Rxc6 30. Ra1 Rb6+ 31. Kc2 Rb2+ 32. Kd3 a2 33.
Nc3 Ra3 34. g4 Rbb3 35. Ke4 Rxc3 36. h3 Re3+ 37. Kd5 Ra5+ 38. Kc4 Rxf3 39. Rd1
Rf4+ 40. Kb3 g6 0-1

[Event "ODJM B 2015"]
[Site "Willingen GER"]
[Date "2015.05.25"]
[Round "3"]
[White "Von Jan, Lena"]
[Black "Bardorz, Stefan"]
[Result "1-0"]
[Termination "normal"]
[Board "13"]
[WhiteElo "1364"]
[BlackElo "1241"]
[PlyCount "53"]
[WhiteFideId "12946060"]
[BlackFideId "16245474"]
[EventCountry "GER"]
[EventRounds "9"]
[EventType "swiss"]
[EventDate "2015.05.23"]

1. e4 e5 2. Nf3 Nc6 3. Bb5 a6 4. Ba4 Nf6 5. d3 b5 6. Bb3 Bb7 7. c3 Be7 8. Nbd2
d6 9. Nf1 O-O 10. Ng3 d5 11. O-O dxe4 12. dxe4 Bd6 13. Bc2 Qe7 14. Nf5 Qd7 15.
Qd2 Rad8 16. Qg5 Ne8 17. Qg3 Qe6 18. Bg5 Be7 19. Bb3 Qd7 20. Rfd1 Nd6 21. Nxe7+
Nxe7 22. Nxe5 Qe8 23. Bf6 g6 24. f3 Rb8 25. Kh1 Nc6 26. Nxg6 Nf5 27. Ne7# 1-0

[Event "ODJM B 2015"]
[Site "Willingen GER"]
[Date "2015.05.25"]
[Round "3"]
[White "Rößl, Adam"]
[Black "Kostanyan, Hakob"]
[Result "1-0"]
[Termination "normal"]
[Board "14"]
[WhiteElo "1230"]
[BlackElo "1532"]
[PlyCount "47"]
[WhiteFideId "16246047"]
[BlackFideId "12977683"]
[EventCountry "GER"]
[EventRounds "9"]
[EventType "swiss"]
[EventDate "2015.05.23"]

1. e4 c5 2. Nf3 d6 3. Nc3 Nf6 4. Bc4 a6 5. d3 e6 6. Bg5 Be7 7. O-O O-O 8. Re1
Nbd7 9. Qd2 b5 10. Bb3 Bb7 11. a3 Rc8 12. e5 Bxf3 13. exf6 Nxf6 14. gxf3 d5 15.
Kh1 Qc7 16. Rg1 Kh8 17. Rg2 Rfd8 18. Rag1 c4 19. Ba2 cxd3 20. Qxd3 Bxa3 21.
Bxf6 gxf6 22. Rg7 f5 23. Qd4 Bd6 24. Rg8# 1-0

[Event "ODJM B 2015"]
[Site "Willingen GER"]
[Date "2015.05.25"]
[Round "3"]
[White "Tham, Nam"]
[Black "Theile, Cedric"]
[Result "1-0"]
[Termination "normal"]
[Board "15"]
[WhiteElo "1547"]
[BlackElo "1116"]
[PlyCount "77"]
[WhiteFideId "12997331"]
[BlackFideId "16283228"]
[EventCountry "GER"]
[EventRounds "9"]
[EventType "swiss"]
[EventDate "2015.05.23"]

1. e4 e5 2. Nf3 Nc6 3. Bc4 Bc5 4. c3 d6 5. d3 h6 6. O-O Nf6 7. Nbd2 O-O 8. Re1
Qe7 9. h3 Be6 10. Bb3 Rad8 11. Nf1 Qd7 12. Ng3 d5 13. exd5 Bxd5 14. Nxe5 Nxe5
15. Rxe5 Qd6 16. Bf4 Qb6 17. d4 Bd6 18. Rxd5 Nxd5 19. Bxd6 Qxd6 20. Qg4 Nf6 21.
Qf3 c6 22. Nf5 Qd7 23. Nxh6+ gxh6 24. Qxf6 Qd6 25. Qf5 Qg6 26. Qxg6+ Kh8 27.
Qxh6+ Kg8 28. Bc2 Rfe8 29. Qh7+ Kf8 30. Qh8+ Ke7 31. Re1+ Kd7 32. Bf5+ Kc7 33.
Rxe8 Rxe8 34. Qxe8 Kb6 35. Qd8+ Ka6 36. Bd3+ b5 37. Qc7 f6 38. Qxc6+ Ka5 39.
Qxb5# 1-0